Sustainable tourism : a global perspective
Αποθηκεύτηκε σε:
| Άλλοι συγγραφείς: | , , |
|---|---|
| Μορφή: | Βιβλίο |
| Γλώσσα: | English |
| Δημοσίευση: |
Oxford :
Butterworth-Heinemann,
2002
|
| Θέματα: | |
| Ετικέτες: |
Προσθήκη ετικέτας
Δεν υπάρχουν, Καταχωρήστε ετικέτα πρώτοι!
|
MARC
| LEADER | 00000cam a2200000 i 4500 | ||
|---|---|---|---|
| 001 | 1/55098 | ||
| 008 | 040518s2002 eng d | ||
| 020 | |a 0-7506-8946-3 | ||
| 035 | |l 10073372 | ||
| 040 | |a GR-MY-UA |b gre |e aacr | ||
| 041 | 0 | |a eng | |
| 082 | 0 | |a 338.4791 | |
| 245 | 1 | 0 | |a Sustainable tourism : |b a global perspective / |c edited by Rob Harris, Tony Griffin and Peter Williams |
| 260 | |a Oxford : |b Butterworth-Heinemann, |c 2002 | ||
| 300 | |a xvii, 311 σ.; |b εικ.; |c 25 εκ. | ||
| 504 | |a Περιλαμβάνει βιβλιογραφικές αναφορές και ευρετήριο | ||
| 650 | 0 | 0 | |a Ecotourism. |
| 700 | 1 | |a Harris, Rob, |d 1957- |4 edt | |
| 700 | 1 | |a Griffin, Tony, |d 1954- |4 edt | |
| 700 | 1 | |a Williams, Peter, |d 1946 July 20- | |
| 852 | |a INST |b CHIOS |e 20040518 |h 338.47914 SUS |p 005200023208 |q 005200023208 |t BK |y 0 | ||
| 901 | |a BIBL2-2003-3 | ||
| 909 | |a Χ |b 108888 | ||
| 970 | |a ΣΠΕΝΤΖΑ |b ΕΛΕΝΗ |z 2003/12/06 | ||